Statistiken für Europäische Städte nach Metrostationen

Klicken Sie hier um das Quiz zu spielen!

Allgemein

  • Dieses Quiz wurde 95 mal gespielt
  • Das Durchschnittsergebnis liegt bei 14 aus 17

Antwortstatistiken

StationenStadt% Korrekt
Altona - Jungfernstieg - ElbbrückenHamburg
99%
Covent Garden - Piccadilly Circus - WestminsterLondon
97%
Unter den Linden - Tierpark - AlexanderplatzBerlin
94%
Châtelet - Opéra - Saint-PaulParis
94%
Karlsplatz - Sendlinger Tor - TheresienwieseMünchen
91%
Centraal Station - Rembrandtplein - FlevoparkAmsterdam
90%
Sol - Santo Domingo - Gran VíaMadrid
88%
Kungsträdgården - Tekniska Högskolan - AkallaStockholm
88%
Piräus - Kifissia - EllinikoAthen
84%
Dworzec Gdański - Plac Wilsona - SłodowiecWarschau
82%
Sörnäinen - Rautatientori - KamppiHelsinki
81%
Nationaltheateret - Dronningensgate - KjelsåsOslo
81%
Battistini - Termini - LaurentinaRom
81%
São Sebastião - Baixa-Chiado - RomaLissabon
74%
Simonis - Beekkant - De BrouckèreBrüssel
59%
Europaparlement - Faïencerie - Place de MetzLuxemburg
47%
Busáras - Four Courts - ParnellDublin
35%

Verteilung der Resultate

Perzentil nach korrekt beantworteten Fragen

Anzahl Personen mit jedem Resultat

Ihre Resultats-Entwicklung

Sie haben dieses Quiz noch nicht gespielt